[Event "HCL-C293"]
[Site "www.playchess.de"]
[Date "2001.04.17"]
[Round "28"]
[White "dijk"]
[Black "DanielPR"]
[WhiteElo "1089"]
[BlackElo "1000"]
[PlyCount "21"]
[Result "1-0"]

1.e4 e5 2.f4 Nf6 3.Nc3 Nxe4 4.Nxe4 d5 5.Nc3 exf4 
6.Nf3 Nc6 7.d4 Bb4 8.Bxf4 O-O 9.Be2 Re8 10.O-O Qf6 
11.Nxd5 1-0

[Event "ACL-E013"]
[Site "www.playchess.de"]
[Date "2001.04.17"]
[Round "8"]
[White "Gandalf_9417"]
[Black "deepcover"]
[WhiteElo "1905"]
[BlackElo "1746"]
[PlyCount "51"]
[Result "1-0"]

1.d4 Nf6 2.c4 g6 3.Nc3 Bg7 4.e4 d6 5.f4 O-O 6.Nf3 
c5 7.d5 e6 8.dxe6 fxe6 9.Bd3 Nc6 10.O-O Nd4 
11.Nxd4 cxd4 12.Nb5 Ne8 13.Bc2 e5 14.Bb3 a6 15.c5+ 
Kh8 16.fxe5 axb5 17.cxd6 Rxf1+ 18.Qxf1 Qd7 19.Bf4 
Qc6 20.Bd5 Qc5 21.Rc1 Qb6 22.Bg3 d3+ 23.Kh1 Bg4 
24.Qxd3 Rc8 25.Rxc8 Bxc8 26.Qf1 1-0

[Event "HCL-B302"]
[Site "www.playchess.de"]
[Date "2001.04.17"]
[Round "9"]
[White "foxzy"]
[Black "Ajedrex"]
[WhiteElo "1129"]
[BlackElo "1873"]
[PlyCount "42"]
[Result "0-1"]

1.e4 e5 2.Nf3 Nc6 3.Bc4 Nf6 4.Ng5 d5 5.exd5 Nxd5 
6.d3 h6 7.Qf3 hxg5 8.Bxd5 Qf6 9.Bxg5 Qxf3 10.Bxf3 
Nd4 11.Bd1 Bg4 12.f3 Bf5 13.Nc3 Bb4 14.O-O f6 
15.Be3 Bc5 16.Nd5 O-O-O 17.Bxd4 Bxd4+ 18.Kh1 Rxd5 
19.Rb1 g5 20.b4 Rd7 21.g4 Rdh7 0-1

[Event "HCL-A131"]
[Site "www.playchess.de"]
[Date "2001.04.17"]
[Round "8"]
[White "Whatever"]
[Black "teenspirit"]
[WhiteElo "1525"]
[BlackElo "1697"]
[PlyCount "39"]
[Result "1-0"]

1.e4 {Have a good game.}  e6 {Thx. Good luck!}  
2.d4 c5 {Hi! again}  3.Nf3 cxd4 4.Nxd4 a6 5.c4 Nc6 
6.Be3 Nf6 7.Nc3 Qa5 8.Nb3 Qc7 9.Be2 Bb4 10.f3 O-O 
11.Rc1 b6 12.O-O Bb7 13.a3 Bxc3 14.Rxc3 Rfd8 
15.Bg5 Ne8 16.Bxd8 Rxd8 17.Nd4 d5 18.cxd5 exd5 
19.Nxc6 Bxc6 20.Qc2 1-0

[Event "HCL-B303"]
[Site "www.playchess.de"]
[Date "2001.04.17"]
[Round "10"]
[White "sboehnisch"]
[Black "blob"]
[WhiteElo "1198"]
[BlackElo "1500"]
[PlyCount "64"]
[Result "0-1"]

1.d4 Nf6 2.Bf4 e6 3.Nc3 Bb4 4.Qd3 O-O 5.e4 d5 6.e5 
Ne4 7.Qe3 c5 8.O-O-O cxd4 9.Rxd4 Nxc3 10.bxc3 Ba3+ 
11.Kd2 Bc5 12.Qg3 Bxd4 13.Bg5 Bxf2 14.Bxd8 Bxg3 
15.Bg5 Bxe5 16.Nf3 Bd6 17.Bd3 e5 18.Nh4 e4 19.Be2 
Nc6 20.Rd1 Bxh2 21.Kc1 Bg3 22.Rxd5 f6 23.Be3 Bxh4 
24.Bc4 Be6 25.Rc5 Bxc4 26.Rxc4 f5 27.a4 f4 28.Bd2 
e3 29.Bxe3 fxe3 30.Rxh4 Rf1+ 31.Kb2 Re8 32.c4 
e2 0-1

[Event "HCL-C289"]
[Site "www.playchess.de"]
[Date "2001.04.17"]
[Round "9"]
[White "Tim"]
[Black "hercos"]
[WhiteElo "1000"]
[BlackElo "1344"]
[PlyCount "34"]
[Result "0-1"]

1.d4 c6 {Hi, how are you ?}  2.c3 d5 3.f3 Nd7 4.g3 
e5 5.e3 Ngf6 6.Bd2 Bd6 7.a3 O-O 8.h4 Re8 9.Bh3 
exd4 10.cxd4 c5 11.Ne2 cxd4 12.Nxd4 Bxg3+ 13.Kf1 
b6 14.Nc6 Qc7 15.Nd4 Ba6+ 16.Kg2 Bxh4 17.b4 
Qg3+ 0-1

[Event "HCL-B306"]
[Site "www.playchess.de"]
[Date "2001.04.17"]
[Round "7"]
[White "lonewolf"]
[Black "truhart"]
[WhiteElo "1661"]
[BlackElo "1500"]
[PlyCount "34"]
[Result "1/2-1/2"]

1.Nf3 {Hi,have a good game.}  Nf6 {good luck}  
2.d4 c6 3.c4 d5 4.Nc3 {thanks,same to you.}  dxc4 
5.a4 Bf5 6.e3 e6 7.Bxc4 Bb4 8.O-O Nbd7 9.Qb3 Qb6 
10.Nh4 O-O 11.Nxf5 exf5 12.Bd3 g6 13.Bd2 Bxc3 
14.Qxc3 Ne4 15.a5 Qc7 16.Qc2 Nxd2 17.Qxd2 
Nf6 1/2-1/2

[Event "ACL-A159"]
[Site "www.playchess.de"]
[Date "2001.04.17"]
[Round "10"]
[White "Blitzmich"]
[Black "quant"]
[WhiteElo "1577"]
[BlackElo "1384"]
[PlyCount "43"]
[Result "1-0"]

1.d4 Nf6 2.c4 e6 3.Nf3 b6 4.e3 Bb7 5.Be2 Bb4+ 
6.Bd2 Qe7 7.O-O Bxd2 8.Nbxd2 d6 9.b4 a5 10.b5 c5 
11.bxc6 Nxc6 12.Rb1 Qc7 13.Qb3 Nd7 14.c5 dxc5 
15.dxc5 Nxc5 16.Qxb6 Qxb6 17.Rxb6 Nd8 18.Rc1 Nd7 
19.Bb5 Bxf3 20.Nxf3 Ra7 21.Ne5 Ke7 
22.Bxd7 1-0

[Event "HCL-A128"]
[Site "www.playchess.de"]
[Date "2001.04.17"]
[Round "3"]
[White "Bauernopfer"]
[Black "Gruhni"]
[WhiteElo "1416"]
[BlackElo "1300"]
[PlyCount "59"]
[Result "1-0"]

1.e4 {Na das hat aber lang gedauert.}  e5 {Ich 
habe eben viel zu tun :)}  2.Nf3 {Hast du dich um 
die Pressemitteilung gekümmert?}  Nc6 {Noch nicht, 
wieviel Zeit hat man denn dafür?}  3.Bb5 {Wegen 
Ostern gibt es das Blättchen schon Donnerstags. 
Ich mach das jetzt schnell.}  a6 {Ok! Werde 
Mittwoch die Schach-News verteilen. Penka, Hauk, 
Martinek bekommen ein Exemplar zugeschick}  4.Bxc6 
{Bitte mal in deine Mailbox bei aol schauen}  dxc6 
{Werde ich tun!}  5.Nc3 Bg4 {Habe ich getan! Wird 
nach der Arbeit erledigt!}  6.h3 {Wunderbar! 
Übrigens spiele ich gegen dich exakt dasselbe, was 
Nils gegen mich spielt.}  Bh5 {Dann spiele ich 
jetzt mal was anders. Ich will ja schliesslich 
nicht dasselbe spielen wie du ;)}  7.d3 
{Vielleicht hätte ich dir die Information zwei 
Züge später geben sollen.}  Bd6 8.O-O {.}  Qe7 
9.Qe2 O-O-O 10.Qe3 Bxf3 11.Qxf3 Nf6 12.Bg5 {Aus du 
mal meine Wertung gesehenJ? Über 1400!}  h6 {Wow! 
Das kann ich ja meine ganz schön verbessern ;)}  
13.Bxf6 {Tja, wer von uns verliert, steigt ab.}  
Qxf6 {Scheint so, wenn sich von den anderen keiner 
als 'Nicht-Spieler' herausstellt!}  14.Qxf6 
{Doppelbauer!! Aber zentral.}  gxf6 15.Ne2 {.}  
Rhg8 16.g3 Rg6 17.Kh2 {Na das hat aber eben lang 
gedauert.}  Rdg8 18.Rad1 {Damit erreichst du 
vorerst gar nichts.}  Kd7 {Kommst du heute abend?} 
 19.d4 {Na klar.}  Ke6 {Schwacher Zug :)}  20.c4 
{.}  b6 21.Rd2 f5 22.f4 exd4 {Oh! Oh! Jetzt wirds 
eng!}  23.Nxd4+ {Ach was, bisher ist doch noch 
nichts passiert.}  Kd7 24.Nxf5 {Deine Stellung ist 
wirklich schlecht!}  Ke8 25.Rfd1 c5 26.b3 
{Glückwunsch zum Turniersieg. Jetzt können wir 
auch wieder gegen plobi spielen.}  a5 27.R2d5 {.}  
Kf8 28.e5 Be7 29.R5d8+ {Matt in 1}  Bxd8 
{Gratulation. Schick' mir doch bitte ne Mail, ob 
du Sonntag spielst!}  30.Rxd8+ 1-0

[Event "HCL-B311"]
[Site "www.playchess.de"]
[Date "2001.04.17"]
[Round "8"]
[White "JaredMW"]
[Black "O_Man"]
[WhiteElo "1055"]
[BlackElo "1145"]
[PlyCount "43"]
[Result "1-0"]

1.e4 {Hi! I'm 14 years old and from the USA. Hope 
this is a good game!}  e5 {hi! I'm 41 from the 
USA, good luck}  2.Nf3 {Thanks - you too.}  Nc6 
3.d4 exd4 4.Nxd4 Bc5 5.Nxc6 Qf6 6.f3 Qxc6 7.Nc3 d6 
8.Bb5 {The queen is pinned!}  Ne7 {how stupid was 
that?}  9.Bxc6+ {I do that type of stuff all the 
time! :)}  Nxc6 {me too, I regularly win against 
rated 1500 or so, then turn around and lose 
stupidly.}  10.Bf4 {1500 of which rating system, 
FIDE or USCF?}  Be6 {this one, btw, I like your 
site.}  11.Qd3 {Thanks}  Nb4 12.Qd2 O-O 13.a3 Nc6 
14.O-O-O a5 15.Rhe1 {Wasn't exactly sure of what 
to do here}  Rfd8 {looks good to me}  16.Nb5 Bb4 
17.axb4 axb4 18.b3 Ra5 19.Nxc7 f5 20.Nxe6 
{Interesting ... did I fall into a trap? :)}  Ra1+ 
{I hope so}  21.Kb2 Ra5 22.Nxd8 {Another 
interesting move - either you missed it or I am 
about to be checkmated :-D}  1-0

[Event "HCL-A140"]
[Site "www.playchess.de"]
[Date "2001.04.17"]
[Round "5"]
[White "Rparkes"]
[Black "DaRkFoRcE"]
[WhiteElo "1671"]
[BlackElo "1724"]
[PlyCount "65"]
[Result "1-0"]

1.e4 b6 2.d4 Bb7 3.Nc3 e6 4.Nf3 Bb4 5.Bd3 d5 
6.exd5 Bxc3+ 7.bxc3 Bxd5 8.c4 Bb7 9.O-O Nf6 10.Ba3 
Nbd7 11.Re1 c5 12.d5 Nxd5 13.cxd5 Bxd5 14.Bb5 O-O 
15.c4 Bxf3 16.Qxf3 Nf6 17.Bb2 Qe7 18.Bxf6 Qxf6 
19.Qxf6 gxf6 20.Rad1 Rad8 21.Kf1 Rd4 22.Rxd4 cxd4 
23.Rd1 e5 24.Bc6 f5 25.f3 Kg7 26.Ke2 Rc8 27.Bd5 
Rd8 28.Kd3 b5 29.Rb1 bxc4+ 30.Bxc4 Rd7 31.a4 Kg6 
32.a5 Kg5 33.g3 1-0

[Event "HCL-A140"]
[Site "www.playchess.de"]
[Date "2001.04.17"]
[Round "19"]
[White "Rparkes"]
[Black "whatsleft2"]
[WhiteElo "1671"]
[BlackElo "1811"]
[PlyCount "73"]
[Result "1-0"]

1.e4 d5 {goodluck}  2.exd5 Nf6 3.d4 Bg4 4.Be2 Bxe2 
5.Nxe2 Nxd5 6.O-O e6 7.c4 Nb6 8.b3 c6 9.Bb2 N8d7 
10.Nbc3 Nf6 11.Re1 Be7 12.Ng3 O-O 13.Nce4 Nxe4 
14.Nxe4 Bb4 15.Re3 Nd7 16.Rg3 f5 17.d5 e5 18.Ng5 
Qe7 19.Qh5 Nf6 20.Qe2 f4 21.Rh3 h6 22.Ne6 Rfe8 
23.Qxe5 cxd5 24.cxd5 Nxd5 25.Qxg7+ Qxg7 26.Nxg7 
Re2 27.Bd4 Kh7 28.Nf5 Kg6 29.Nh4+ Kh7 30.g4 Rg8 
31.f3 Bc3 32.Bxc3 Nxc3 33.Rc1 Nxa2 34.Rc7+ Rg7 
35.Rxg7+ Kxg7 36.Nf5+ Kf6 {goodgame i am going to 
resign after your next move}  37.Rxh6+ 1-0

[Event "HCL-C302"]
[Site "www.playchess.de"]
[Date "2001.04.17"]
[Round "3"]
[White "MEATHEAD"]
[Black "Burra"]
[WhiteElo "862"]
[BlackElo "1546"]
[PlyCount "58"]
[Result "0-1"]

1.e4 c6 {You will loose meatball !}  2.Nc3 {KISS 
MY ASS FUR RAT}  d5 {Sounds good to me 
motherfucker !}  3.exd5 {we'll see whos the 
muthafucka at the end of the game you swedish 
bitch!}  cxd5 {You'}  4.Bb5+ {big words, for a 
little girl}  Nc6 {You're god damn right you son 
of a whore - it's about the only reason I learned 
writing for !}  5.d4 {well, you didnt learn to 
well, you fuck. the correct way to say it is," I 
learned to write"  stupid}  Nf6 {I'll wipe you out 
from the earth you little freak !}  6.f3 {good 
luck in trying}  Bd7 {Once and for all meatball}  
7.Bxc6 {yummy!}  Bxc6 {Nothing can help you now 
cocksucker}  8.Be3 e6 {Vegetable}  9.a3 Bd6 
10.Nge2 Qc7 11.h3 h5 12.b4 h4 13.Qd2 b5 14.f4 Rh5 
15.Rf1 a5 16.bxa5 Qxa5 17.Qd3 b4 18.Nd1 Bb5 19.Qb3 
Bc4 20.axb4 Qxa1 {This is fun}  21.Qb2 {what is, 
playing with yourself??  you fruit}  Qa6 {Didn't 
your parents learn you any manners?}  22.Rf2 
{learn or teach???}  Ne4 {It doesn't matter in 
your case....}  23.g4 hxg3 24.Rg2 Rxh3 25.Ndc3 Rh2 
26.Rxg3 Nxg3 27.Nxg3 Qa1+ 28.Qxa1 Rxa1+ 29.Nd1 
Bxb4+ 0-1

[Event "HCL-C304"]
[Site "www.playchess.de"]
[Date "2001.04.17"]
[Round "1"]
[White "gordi"]
[Black "MEATHEAD"]
[WhiteElo "1400"]
[BlackElo "895"]
[PlyCount "44"]
[Result "0-1"]

1.e4 e5 2.Nf3 Nc6 3.Bc4 Nf6 4.Nc3 Bc5 5.O-O Ng4 
6.d3 d6 7.Ng5 O-O 8.h3 h6 9.Qxg4 Bxg4 10.hxg4 
{mayor error in my part!!!!}  hxg5 {yes. it 
was!!!}  11.Nd5 Rc8 12.a3 a6 13.b4 Bd4 14.Rb1 b5 
15.Ba2 a5 16.g3 axb4 17.axb4 g6 18.Kg2 Kg7 19.f4 
gxf4 20.gxf4 Qh4 21.g5 Qg4+ 22.Kh1 
{congratulations}  Rfh8+ 0-1

[Event "HCL-A148"]
[Site "www.playchess.de"]
[Date "2001.04.17"]
[Round "14"]
[White "janus"]
[Black "Whatever"]
[WhiteElo "1922"]
[BlackElo "1584"]
[PlyCount "33"]
[Result "1-0"]

1.e4 {Hi again - I hope, that I make it better 
than in our other game ! Good luck !!}  c5 {Aren't 
we all trying to improve. Good game to you.}  
2.Nf3 {Thanks ! Ahain the "dragon" ?}  Nc6 {Not 
yet.}  3.d4 {Ok - let´s try another sicilian !}  
cxd4 4.Nxd4 Nf6 5.Nc3 g6 6.Nxc6 bxc6 {Now I want 
to give you the dragon and you don't want it.}  
7.e5 {Perhaps I play not good in this time ?!}  
Ng8 8.Bc4 Bg7 9.Bf4 f6 10.Qe2 Qa5 11.exf6 Bxf6 
12.O-O d5 13.Bb3 Ba6 14.Qe6 Qc5 {I see your point} 
 15.Ne4 {I hope so - but I think to our other game 
*smile* !!!}  dxe4 {You obviously had a healthy 
lunch - very powerful stuff. :-(}  16.Qf7+ 
{Thank´s for the compliment - I have to play 
strong against you *smile* !!}  Kd8 
17.Qf8+ 1-0

[Event "HCL-B316"]
[Site "www.playchess.de"]
[Date "2001.04.17"]
[Round "25"]
[White "Roland_007"]
[Black "Lycanth"]
[WhiteElo "1500"]
[BlackElo "1276"]
[PlyCount "27"]
[Result "1-0"]

1.d4 Nf6 2.c4 g6 3.Nc3 Bg7 4.e4 d6 5.f4 {my 
favourite!}  O-O 6.Nf3 Nbd7 7.Be2 Re8 8.e5 dxe5 
9.fxe5 Nh5 10.Ng5 f6 11.Ne6 {?}  fxe5 {playing too 
fast}  12.dxe5 b6 13.Nxd8 Rxd8 
14.Qd5+ 1-0

[Event "HCL-B321"]
[Site "www.playchess.de"]
[Date "2001.04.17"]
[Round "1"]
[White "Lycanth"]
[Black "vijal"]
[WhiteElo "1276"]
[BlackElo "902"]
[PlyCount "77"]
[Result "1-0"]

1.e4 {hi again friend :)}  e5 2.Nf3 Nc6 {yes, nice 
to play with you I lost first two games with 
stupid mistakes}  3.Bb5 Bc5 4.O-O Nf6 5.Re1 d6 
6.d4 exd4 7.Nxd4 Bd7 8.Nxc6 Bxc6 9.Bxc6+ bxc6 
10.Bg5 O-O 11.Qf3 Bd4 12.c3 Be5 13.Nd2 h6 14.Bh4 
Qe7 15.Nc4 Qe6 16.Nxe5 dxe5 17.Qf5 Rae8 18.Bg3 
Qxf5 19.exf5 Nd7 20.Rad1 Re7 21.Bxe5 Nxe5 22.f4 
Nf3+ 23.gxf3 Rfe8 24.Rxe7 Rxe7 25.Kf2 f6 26.Rd2 
Kf7 {what about other game? are you going to make 
a move?}  27.Kg3 Ke8 28.Kg4 Kf7 29.h4 g6 30.fxg6+ 
Kxg6 31.h5+ Kf7 32.Kf5 Re3 33.Rd7+ Re7 34.Rxe7+ 
Kxe7 35.Kg6 Ke6 36.f5+ Ke7 37.c4 a5 38.c5 {i ll 
won this one it seems :)}  a4 39.a3 {i resigned in 
the other game}  1-0

[Event "HCL-B321"]
[Site "www.playchess.de"]
[Date "2001.04.17"]
[Round "11"]
[White "Lycanth"]
[Black "fanny"]
[WhiteElo "1276"]
[BlackElo "1200"]
[PlyCount "68"]
[Result "0-1"]

1.e4 {salut !}  c5 2.Nf3 Nc6 3.d4 cxd4 4.Nxd4 d6 
5.Nc3 g6 6.Be3 Bg7 7.Qd2 Nf6 8.f4 Ng4 9.h3 Nxe3 
10.Qxe3 Bxd4 11.Qf3 {arrrf joué trop vite}  Qa5 
12.Kd2 {Pas très bavard où tu n'es pas français ?} 
 Bxc3+ {oups pardon, si si je suis parisienne, et 
toi?}  13.Qxc3 {moi je suis de Chambéry et cette 
partie a été tres mal commencé pour moi}  Qxc3+ 
{:-) tu fais quoi à Chambéry?}  14.Kxc3 {étudiant 
mais je bosse sur un projet avec des potes :) et 
toi ke fé tu pour etre debout a cet heure}  Be6 
{je suis étudiante aussi, je n'arrive pas à 
dormir}  15.g4 {ah ok}  Rc8 {bonne nuit}  16.Kd2 
{bonne nuit}  f6 17.c3 h5 18.f5 {tu joues en club 
?}  Bf7 {oh non, juste ici. Toi?}  19.Be2 {moi non 
plus :) ca se voit dailleur :)}  g5 {quel est le 
projet dont tu parlais hier?}  20.b3 a6 21.Rac1 
{on va faire un jeu sur pocket Pc}  b5 22.Rhg1 Na5 
23.Rg3 h4 24.Re3 Bxb3 25.c4 {bien vu}  Bxc4 26.Ra3 
Nc6 {bien vu aussi}  27.Rxa6 Ne5 28.a4 Kf7 29.axb5 
Bxe2 {bloody day}  30.Rb1 {pkoi ca ?}  Bd3 31.Rb2 
Nc4+ 32.Kxd3 Nxb2+ 33.Kd2 Rc5 34.b6 
Rb8 0-1

[Event "ACL-A174"]
[Site "www.playchess.de"]
[Date "2001.04.17"]
[Round "1"]
[White "myosotis1984"]
[Black "Qaurial"]
[WhiteElo "1500"]
[BlackElo "1856"]
[PlyCount "45"]
[Result "1-0"]

1.e4 e6 2.d4 c5 3.d5 exd5 4.exd5 d6 5.Nf3 Nf6 6.c4 
g6 7.Nc3 Bg7 8.Bg5 O-O 9.Bd3 Na6 10.O-O Nc7 11.Qd2 
Bg4 12.Nh4 Qc8 13.Bh6 Re8 14.Bxg7 Kxg7 15.f4 b5 
16.f5 b4 17.Ne2 Bxe2 18.Bxe2 Ne4 19.Qc2 Qd8 20.g3 
Qg5 21.Bd3 Qe3+ 22.Kh1 g5 23.f6+ 1-0

[Event "HCL-A152"]
[Site "www.playchess.de"]
[Date "2001.04.17"]
[Round "5"]
[White "Translightor"]
[Black "Erhaem"]
[WhiteElo "1481"]
[BlackElo "1700"]
[PlyCount "25"]
[Result "1-0"]

1.e4 {Welcome & Good luck!}  g6 2.d4 d6 3.Nc3 Bg7 
4.f3 Nf6 5.Be3 Nbd7 6.Qd2 h6 7.O-O-O O-O 8.Bxh6 
{What kind of gambit is this?}  Bxh6 9.Qxh6 c5 
10.e5 Ne8 11.Nh3 cxd4 {always play g6 in first 
moves with black}  12.Rxd4 {g6 is ok, but h6?}  
Nxe5 {forced to}  13.Rh4 {Not at all. It just lost 
a pawn and weakend the king's position.} 
 1-0

[Event "HCL-M002"]
[Site "www.playchess.de"]
[Date "2001.04.17"]
[Round "9"]
[White "rayschutt"]
[Black "chesswiz"]
[WhiteElo "2200"]
[BlackElo "2400"]
[PlyCount "39"]
[Result "1-0"]

1.c4 f5 2.Nf3 Nf6 3.g3 b6 4.Bg2 Bb7 5.d4 e6 6.O-O 
Be7 7.d5 O-O 8.Nd4 c5 9.Nb5 a6 10.N5c3 d6 11.dxe6 
Qc8 12.Nd5 Bxd5 13.cxd5 b5 14.Qc2 Nh5 15.e4 f4 
16.Bf3 Qe8 17.Qe2 g6 18.Bxh5 gxh5 19.Bxf4 h4 
20.e5 1-0

[Event "HCL-M002"]
[Site "www.playchess.de"]
[Date "2001.04.17"]
[Round "10"]
[White "Sebastian"]
[Black "rayschutt"]
[WhiteElo "2200"]
[BlackElo "2200"]
[PlyCount "36"]
[Result "0-1"]

1.e4 c5 2.c3 Nf6 3.f3 d5 4.d4 dxe4 5.Bf4 cxd4 
6.cxd4 Qb6 7.Nh3 Bxh3 8.gxh3 Qxb2 9.Nd2 Nd5 10.Nc4 
Qc3+ 11.Kf2 Nxf4 12.Qa4+ Nc6 13.Rb1 Qxf3+ 14.Ke1 
Qc3+ 15.Kd1 Rd8 16.Nb6 e3 17.Nc4 Rxd4+ 18.Bd3 
e2+ 0-1

[Event "HCL-B086"]
[Site "www.playchess.de"]
[Date "2001.04.17"]
[Round "1"]
[White "Mathemagician"]
[Black "DarthVader"]
[WhiteElo "1405"]
[BlackElo "1200"]
[PlyCount "55"]
[Result "1-0"]

1.e4 Nc6 2.d4 d5 3.exd5 Qxd5 4.Nf3 f6 5.Nc3 Qf7 
6.b3 e6 7.Bb5 Nge7 8.O-O g6 9.Ne4 Bg7 10.Bf4 O-O 
11.Bxc7 Nd5 12.Bg3 a6 13.Bxc6 bxc6 14.c4 Nc7 
15.Nd6 Qd7 16.Re1 Ne8 17.Nxc8 Rxc8 18.Qe2 Rf7 
19.Qxe6 Qb7 20.b4 Bf8 21.a3 Ng7 22.Qg4 Qa7 23.Qxc8 
a5 24.Qxc6 Rc7 25.Bxc7 a4 26.Qd5+ Kh8 27.Qd8 Qa6 
28.Qxf8+ 1-0

[Event "HCL-B086"]
[Site "www.playchess.de"]
[Date "2001.04.17"]
[Round "6"]
[White "DTG007"]
[Black "bjwar"]
[WhiteElo "956"]
[BlackElo "1200"]
[PlyCount "32"]
[Result "1-0"]

1.e4 e5 2.Nf3 d6 3.Nc3 Nc6 4.Bb5 a6 5.Bxc6+ bxc6 
6.O-O Nf6 7.Re1 d5 8.Nxe5 Bd6 9.Nxc6 Qd7 10.exd5+ 
Kf8 11.Nd4 c5 12.dxc6 e.p 13.Qg4 Qxg4 14.Nxg4 f3 
15.Nxh2 Ne4 16.Bg3 Nxg3 1-0

[Event "HCL-B086"]
[Site "www.playchess.de"]
[Date "2001.04.17"]
[Round "9"]
[White "Jozef_De_Meye"]
[Black "DTG007"]
[WhiteElo "1500"]
[BlackElo "956"]
[PlyCount "25"]
[Result "1-0"]

1.d4 d5 2.c4 e6 3.Bf4 Nf6 4.Nc3 Bb4 5.e3 O-O 6.Nf3 
c5 7.cxd5 exd5 8.Qb3 b6 9.a3 Ba5 10.Be2 Bb7 
11.dxc5 Bxc3+ 12.bxc3 Qe7 13.Bd6 1-0

[Event "HCL-B086"]
[Site "www.playchess.de"]
[Date "2001.04.17"]
[Round "10"]
[White "bjwar"]
[Black "Jozef_De_Meye"]
[WhiteElo "1200"]
[BlackElo "1500"]
[PlyCount "38"]
[Result "0-1"]

1.e4 e5 2.Nc3 Nc6 3.Nf3 Nf6 4.Nxe5 Nxe5 5.f4 Nc6 
6.d3 Bb4 7.a3 Bxc3+ 8.bxc3 O-O 9.Bb2 Re8 10.e5 Nd5 
11.Qf3 Nde7 12.d4 d6 13.d5 Nb8 14.Bd3 dxe5 15.fxe5 
Qxd5 16.Qh3 Bxh3 17.gxh3 Qxe5+ 18.Kd2 Nbc6 19.c4 
Qxb2 0-1

[Event "HCL-C047"]
[Site "www.playchess.de"]
[Date "2001.04.17"]
[Round "1"]
[White "Hansie"]
[Black "Ewie"]
[WhiteElo "1000"]
[BlackElo "447"]
[PlyCount "86"]
[Result "0-1"]

1.d4 Nc6 2.d5 Nb4 3.c3 Na6 4.c4 c6 5.Bg5 cxd5 
6.cxd5 Qa5+ 7.Qd2 Qxd2+ 8.Nxd2 e6 9.e4 Nb4 
10.O-O-O exd5 11.e5 d6 12.exd6 Bxd6 13.Re1+ Ne7 
14.Ngf3 Bg4 15.Bb5+ Kf8 16.a3 Rc8+ 17.Kd1 Na2 
18.Ba4 Rc1+ 19.Ke2 Rxe1+ 20.Rxe1 Bf5 21.Bb3 h6 
22.Bxe7+ Bxe7 23.Bxa2 Bf6 24.Rb1 Bxb1 25.Bxb1 Bxb2 
26.a4 g5 27.h3 Kg7 28.Ne5 Re8 29.Ndf3 Bxe5 30.Kf1 
Bc3 31.Ba2 d4 32.Kg1 d3 33.h4 gxh4 34.Nxh4 Re1+ 
35.Kh2 d2 36.Nf5+ Kg6 37.Ne3 d1Q 38.Nxd1 Rxd1 
39.f4 Rd4 40.g3 Rxa4 41.Bb1+ f5 42.g4 Rxf4 
43.gxf5+ Kf6 0-1

[Event "HCL-C047"]
[Site "www.playchess.de"]
[Date "2001.04.17"]
[Round "2"]
[White "GaryG"]
[Black "Hansie"]
[WhiteElo "1000"]
[BlackElo "1000"]
[PlyCount "27"]
[Result "1-0"]

1.e4 Na6 2.Nc3 c5 3.Bxa6 bxa6 4.Nf3 Nf6 5.e5 Nh5 
6.Ng5 f6 7.Qxh5+ g6 8.exf6 exf6 9.Qf3 d5 10.O-O 
fxg5 11.Re1+ Be7 12.Nxd5 Bb7 13.Qf6 Bxd5 
14.Qxh8+ 1-0

[Event "HCL-C047"]
[Site "www.playchess.de"]
[Date "2001.04.17"]
[Round "3"]
[White "Ewie"]
[Black "GaryG"]
[WhiteElo "447"]
[BlackElo "1000"]
[PlyCount "50"]
[Result "0-1"]

1.e4 e5 2.Nf3 Nc6 3.d4 exd4 4.Nxd4 Nf6 5.Nc3 Bb4 
6.a3 Bxc3+ 7.bxc3 Nxe4 8.Qf3 Qe7 9.Bc4 Nxd4 
10.cxd4 Ng3+ 11.Qe3 Nxh1 12.Qxe7+ Kxe7 13.Be3 b5 
14.Bxb5 Rb8 15.a4 Bb7 16.Kd2 Bxg2 17.Re1 Rhe8 
18.Bg5+ Kf8 19.Bxd7 Rxe1 20.Kxe1 Rb2 21.Bf5 g6 
22.Bd3 Rb1+ 23.Ke2 Bf1+ 24.Ke3 Bxd3 25.Kxd3 
Nxf2+ 0-1

[Event "HCL-C047"]
[Site "www.playchess.de"]
[Date "2001.04.17"]
[Round "5"]
[White "Yogesh"]
[Black "Ewie"]
[WhiteElo "1204"]
[BlackElo "447"]
[PlyCount "35"]
[Result "1-0"]

1.e4 Nf6 2.e5 Nd5 3.d4 e6 4.c4 Nb6 5.c5 Nd5 6.Nf3 
Nc6 7.a3 b6 8.b4 bxc5 9.bxc5 Rb8 10.Qa4 a6 11.Bxa6 
Bxa6 12.Qxa6 Ra8 13.Qd3 g6 14.Bg5 f6 15.exf6 Nxf6 
16.Ne5 Ra4 17.Nxg6 hxg6 18.Qxg6+ 1-0

[Event "HCL-C047"]
[Site "www.playchess.de"]
[Date "2001.04.17"]
[Round "6"]
[White "GaryG"]
[Black "Yogesh"]
[WhiteElo "1000"]
[BlackElo "1204"]
[PlyCount "27"]
[Result "1-0"]

1.e4 e5 2.Nf3 d6 3.Bc4 Bg4 4.c3 Nf6 5.Qb3 Bxf3 
6.Bxf7+ Kd7 7.Be6+ Ke7 8.gxf3 Nc6 9.Bf5 d5 10.Qxb7 
Na5 11.Qa6 c6 12.b4 Nc4 13.exd5 cxd5 
14.Qe6+ 1-0

[Event "HCL-C047"]
[Site "www.playchess.de"]
[Date "2001.04.17"]
[Round "7"]
[White "qwert660"]
[Black "Hansie"]
[WhiteElo "1299"]
[BlackElo "1000"]
[PlyCount "41"]
[Result "1-0"]

1.b4 b5 2.Bb2 a5 3.e4 axb4 4.Bxb5 c6 5.Be2 Nf6 
6.e5 Ne4 7.f4 Qb6 8.d4 c5 9.Nf3 Qe6 10.O-O Rxa2 
11.d5 Qb6 12.Rxa2 c4+ 13.Bd4 Qb5 14.Nbd2 Nc3 
15.Bxc3 bxc3 16.Nxc4 Qb7 17.Kh1 e6 18.dxe6 fxe6 
19.Nd6+ Bxd6 20.Qxd6 Nc6 21.Rfa1 1-0

[Event "HCL-C047"]
[Site "www.playchess.de"]
[Date "2001.04.17"]
[Round "8"]
[White "Ewie"]
[Black "qwert660"]
[WhiteElo "447"]
[BlackElo "1299"]
[PlyCount "28"]
[Result "0-1"]

1.e4 e6 2.Nc3 d5 3.d3 Bb4 4.exd5 exd5 5.Qf3 Nf6 
6.Be3 d4 7.Bxd4 Qxd4 8.Qe2+ Be6 9.Nf3 Bxc3+ 10.Nd2 
Bxd2+ 11.Kxd2 Qxb2 12.Qe1 Nd5 13.Be2 Qc3+ 14.Kd1 
Qxa1+ 0-1

[Event "HCL-C047"]
[Site "www.playchess.de"]
[Date "2001.04.17"]
[Round "9"]
[White "qwert660"]
[Black "GaryG"]
[WhiteElo "1299"]
[BlackElo "1000"]
[PlyCount "43"]
[Result "1/2-1/2"]

1.e4 c5 2.c3 d5 3.exd5 Qxd5 4.d4 Nf6 5.Nf3 Bg4 
6.Be2 e6 7.h3 Bh5 8.O-O Nc6 9.Be3 cxd4 10.cxd4 Be7 
11.Nc3 Qd6 12.Qb3 O-O 13.Rfd1 Rfd8 14.a3 Nd5 
15.Ne4 Qc7 16.Rac1 Nf4 17.Bxf4 Qxf4 18.Qe3 Qxe3 
19.fxe3 Bg6 20.Bd3 a6 21.b4 Rac8 
22.Nc5 1/2-1/2